<?xml version="1.0" encoding="UTF-8"?><?xml-stylesheet type="text/xsl" href="static/style.xsl"?><OAI-PMH xmlns="http://www.openarchives.org/OAI/2.0/" xmlns:xsi="http://www.w3.org/2001/XMLSchema-instance" xsi:schemaLocation="http://www.openarchives.org/OAI/2.0/ http://www.openarchives.org/OAI/2.0/OAI-PMH.xsd"><responseDate>2026-04-14T05:08:33Z</responseDate><request verb="GetRecord" identifier="oai:www.recercat.cat:10230/35991" metadataPrefix="marc">https://recercat.cat/oai/request</request><GetRecord><record><header><identifier>oai:recercat.cat:10230/35991</identifier><datestamp>2025-12-22T13:40:21Z</datestamp><setSpec>com_2072_6</setSpec><setSpec>col_2072_452952</setSpec></header><metadata><record xmlns="http://www.loc.gov/MARC21/slim" xmlns:dcterms="http://purl.org/dc/terms/" xmlns:xsi="http://www.w3.org/2001/XMLSchema-instance" xmlns:doc="http://www.lyncode.com/xoai" xsi:schemaLocation="http://www.loc.gov/MARC21/slim http://www.loc.gov/standards/marcxml/schema/MARC21slim.xsd">
   <leader>00925njm 22002777a 4500</leader>
   <datafield ind2=" " ind1=" " tag="042">
      <subfield code="a">dc</subfield>
   </datafield>
   <datafield ind2=" " ind1=" " tag="720">
      <subfield code="a">Couñago, Felipe</subfield>
      <subfield code="e">author</subfield>
   </datafield>
   <datafield ind2=" " ind1=" " tag="720">
      <subfield code="a">Rodríguez de Dios, Núria</subfield>
      <subfield code="e">author</subfield>
   </datafield>
   <datafield ind2=" " ind1=" " tag="720">
      <subfield code="a">Taboada, B.</subfield>
      <subfield code="e">author</subfield>
   </datafield>
   <datafield ind2=" " ind1=" " tag="260">
      <subfield code="c">2018-12-05T08:33:56Z</subfield>
   </datafield>
   <datafield ind2=" " ind1=" " tag="260">
      <subfield code="c">2018</subfield>
   </datafield>
   <datafield ind2=" " ind1=" " tag="520">
      <subfield code="a">OBJECTIVES: The role of surgery in stage IIIA-N2 non-small cell lung cancer (NSCLC) is an actively debated in oncology. To evaluate the value of surgery in this patient population, we conducted a multi-institutional retrospective study comparing neoadjuvant chemoradiotherapy or chemotherapy plus surgery (CRTS) to definitive chemoradiotherapy (dCRT). MATERIAL AND METHODS: A total of 247 patients with potentially resectable stage T1-T3N2M0 NSCLC treated with either CRTS or dCRT between January 2005 and December 2014 at 15 hospitals in Spain were identified. A centralized review was performed to ensure resectability. A propensity score matched analysis was carried out to balance patient and tumor characteristics (n = 78 per group). RESULTS: Of the 247 patients, 118 were treated with CRTS and 129 with dCRT. In the CRTS group, 62 patients (52.5%) received neoadjuvant CRT and 56 (47.4%) neoadjuvant chemotherapy. Surgery consisted of either lobectomy (97 patients; 82.2%) or pneumonectomy (21 patients; 17.8%). In the matched samples, median overall survival (OS; 56 vs 29 months, log-rank p = .002) and progression-free survival (PFS; 46 vs 15 months, log-rank p &amp;lt; 0.001) were significantly higher in the CRTS group. This survival advantage for CRTS was maintained in the subset comparison between the lobectomy subgroup versus dCRT (OS: 57 vs 29 months, p &amp;lt; 0.001; PFS: 46 vs 15 months, p &amp;lt; 0.001), but not in the comparison between the pneumonectomy subgroup and dCRT. CONCLUSION: The findings reported here indicate that neoadjuvant chemotherapy or chemoradiotherapy followed by surgery (preferably lobectomy) yields better OS and PFS than definitive chemoradiotherapy in patients with resectable stage IIIA-N2 NSCLC.</subfield>
   </datafield>
   <datafield tag="653" ind2=" " ind1=" ">
      <subfield code="a">Pulmons -- Càncer -- Quimioteràpia</subfield>
   </datafield>
   <datafield tag="653" ind2=" " ind1=" ">
      <subfield code="a">Chemoradiation</subfield>
   </datafield>
   <datafield tag="653" ind2=" " ind1=" ">
      <subfield code="a">NSCLC</subfield>
   </datafield>
   <datafield tag="653" ind2=" " ind1=" ">
      <subfield code="a">Neoadjuvant treatment</subfield>
   </datafield>
   <datafield tag="653" ind2=" " ind1=" ">
      <subfield code="a">Surgery</subfield>
   </datafield>
   <datafield tag="653" ind2=" " ind1=" ">
      <subfield code="a">Stage IIIA</subfield>
   </datafield>
   <datafield ind2="0" ind1="0" tag="245">
      <subfield code="a">Neoadjuvant treatment followed by surgery versus definitive chemoradiation in stage IIIA-N2 non-small-cell lung cancer: A multi-institutional study by the oncologic group for the study of lung cancer (Spanish Radiation Oncology Society)</subfield>
   </datafield>
</record></metadata></record></GetRecord></OAI-PMH>